Zambia human development report 2011: service delivery for sustainable human development, executive summary and action plan (Record no. 62377)

MARC details
000 -LEADER
fixed length control field 00769nam a2200157 a 4500
008 - FIXED-LENGTH DATA ELEMENTS--GENERAL INFORMATION
fixed length control field 121221s2011 ||||||||||||||||| || u
050 ## - LIBRARY OF CONGRESS CALL NUMBER
Classification number HC 915 Uni
110 ## - MAIN ENTRY--CORPORATE NAME
Corporate name or jurisdiction name as entry element United Nations Development Programme (UNDP)
245 10 - TITLE STATEMENT
Title Zambia human development report 2011: service delivery for sustainable human development, executive summary and action plan
Statement of responsibility, etc. by United Nations Development Programme [UNDP]
260 ## - PUBLICATION, DISTRIBUTION, ETC.
Place of publication, distribution, etc. Lusaka:
Name of publisher, distributor, etc. United Nations Development Programme (UNDP)
Date of publication, distribution, etc. 2011
300 ## - PHYSICAL DESCRIPTION
Extent 32p.: ill.
362 1# - DATES OF PUBLICATION AND/OR SEQUENTIAL DESIGNATION
Dates of publication and/or sequential designation <p>Executive Summary and Action Plan, 2011</p>
650 ## - SUBJECT ADDED ENTRY--TOPICAL TERM
Topical term or geographic name entry element HUMAN DEVELOPMENT REPORT--ZAMBIA
650 ## - SUBJECT ADDED ENTRY--TOPICAL TERM
Topical term or geographic name entry element HUMAN DEVELOPMENT
995 ## - RECOMMENDATION 995 [LOCAL, UNIMARC FRANCE]
-- CBU-MAIN LIBRARY (Kitwe)
-- 1
-- AVAILABLE
-- Dec 26, 2012
-- Zambiana Collection
Holdings
Withdrawn status Lost status Source of classification or shelving scheme Damaged status Not for loan Home library Current library Shelving location Date acquired Total Checkouts Full call number Barcode Date last seen Price effective from Koha item type
          CBU-MAIN LIBRARY, KITWE. CBU-MAIN LIBRARY, KITWE.   11/30/2022   HC 915 Uni B393 11/30/2022 11/30/2022 MONOGRAPH